原神基础生命值最高的10个角色(更新至4.5) - Statistics

General Stats
  • This quiz has been taken 32 times
  • The average score is 6 of 10
Answer Stats
排名 基础生命值 角色 % Correct
5 14695 那维莱特
84%
1 15675 迪希雅
80%
3 15552 胡桃
76%
5 14695 钟离
76%
2 15307 芙宁娜
72%
8 14450 夜兰
68%
4 15185 妮露
52%
10 13593 莱欧斯利
36%
9 13715 神里绫人
28%
5 14695
24%
No matching quizzes found
Score Distribution
Percent of People with Each Score
Percentile by Number Answered
Your Score History
You have not taken this quiz